Joueur ayant joué au Toulouse FC - Statistiques

Statistiques générales
  • Ce quiz a été pris 269 fois
  • Le résultat moyen est 14 sur 20
Answers on the Grid
Answers color-coded by a green-red scale on the quiz's grid according to % correct below.
Djibril Sidibé
Adrien Rabiot
André-Pierre Gignac
Wissam Ben Yedder
Serge Aurier
Étienne Didot
Martin Braithwaite
Christopher Jullien
Bafodé Diakité
Alberto Márcico
Moussa Sissoko
Alban Lafont
Thijs Dallinga
Branco van den Boomen
Jimmy Durmaz
Joshua King
Charlie Cresswell
Jérémy Mathieu
Andy Delort
Issa Diop
Clément Grenier
Corentin Tolisso
Kevin-Prince Boateng
Valère Germain
Abdoulaye Doucouré
Amine Gouiri
Martin Terrier
Gaëtan Laborde
Christophe Dugarry
Alain Giresse
 
Statistiques - réponses
Réponse % Correct
Alban Lafont
83%
Wissam Ben Yedder
83%
Thijs Dallinga
81%
Martin Braithwaite
79%
Branco van den Boomen
78%
Issa Diop
75%
Moussa Sissoko
75%
André-Pierre Gignac
74%
Djibril Sidibé
74%
Charlie Cresswell
73%
Serge Aurier
72%
Christopher Jullien
71%
Étienne Didot
70%
Joshua King
70%
Adrien Rabiot
67%
Bafodé Diakité
61%
Jimmy Durmaz
61%
Andy Delort
60%
Jérémy Mathieu
58%
Alberto Márcico
43%
Aucun quiz correspondant
Distribution des résultats
% des personnes avec chaque résultat
Percentile par nombre de réponses
Votre historique - résultats
Vous n’avez pas pris ce quiz